000 00288nam a2200133Ia 4500
008 190216s9999||||xx |||||||||||||| ||und||
100 _aRichard Dalton
245 0 _aIbm Ps/2 Hand Book
250 _a1st Ed.
260 _bNull
_c1989
300 _a358
650 _aComputer
942 _cBK
999 _c8551
_d8551